000 004580000a22001690004500
020 _a0882440721
060 _a100
082 _a338. 1 SJO
100 _aSjo, John
245 _aEconomics for agriculturalists: a beginning text in agricultural Economics
260 _aOhio, Grid, Inc.
260 _c1976
300 _a232
490 _aGrid Series in Agricultural Economics
650 _aAgriculture-US/ Demand Concept/ Supply concept
942 _cBK
999 _c351303
_d351303